00789nam a2200169Ia 4500008004100000020001800041022001500059040001300074082001800087100002000105245005500125250001200180260004000192300004700232500028800279650005200567191130s2008##################000#0#eng## a9780077327996 a2007031153 aACLcACL a650.01513 SLA aSlater, Jeffrey aPractical business math procedurescJeffrey Slater a10th ed aBoston, MAbMcGraw-Hill/Irwinc2008 a1 v. (various pagings) : col. ill. ; 30 cm aIncludes index. Accompanied by: Business math handbook and a four folded page insert. System requirements for accompanying computer disc: PC Pentilum based processor or equivalent; Microsoft Windows 2000/XP, 512MB of RAM, Microsoft; Offixe XP or better; Internet Explorer 6 or better aBusiness mathematics - Problems, exercises, etc